LEADER 01038nam a2200229 i 4500 001 000000049881 003 CaOOAMICUS 005 20120625000000.0 008 120625s1970 xx u000 u fre u 013 $a21052 040 $aSeMil$bita 100 1 $aBoureau, Daniel .$0(OLS)http://semarc/name/24709 245 13$aLa mission des parents :$bperspectives conciliaires de Trente à Vatican 2. /$cDaniel Boureau. 260 $aParis :$bLes Éditions du Cerf,$ccopyr. 1970. 300 $a425 p. ;$c22 cm. 490 0 $aHistoire de la morale et des moeurs 650 4$aFamiglia - Concezione cristiana.$0(OLS)http://semarc/subject/1374 830 0$aHistoire de la morale et des moeurs.$0(OLS)http://semarc/title/36415 850 $aSeMil 852 $aSeMil$W1$xVenegono$y1$m2E III 138$j16036$B16036$CSeMilBibl$Z2$F16036 $81 996 $6245$aLa mission des parents :$bperspectives conciliaires de Trente à Vatican 2.$9(OLS)http://semarc/title/76029 996 $6260$aParis :$bLes Éditions du Cerf$9(OLS)http://semarc/publisher/29611 LEADER 01018nam a2200253 i 4500 001 000000115804 003 CaOOAMICUS 005 20030531000000.0 008 030531s1992 it u000 u ita u 013 $a88493 020 $a88-85985-11-4 040 $aSeMil$bita 100 1 $aMilani, Gabriele,$c.$0(OLS)http://semarc/name/48388 245 13$aIl Padre Nostro :$bfede e vita fatte preghiera /$cGabriele Milani. 260 $a[Milano] :$bIn Dialogo,$cstampa 1992. 300 $a84 p. ;$c21 cm. 500 $aContiene : Bibliografia. 650 4$aPadre Nostro - Commentari e studi.$0(OLS)http://semarc/subject/2093 850 $aSeMil 852 $aSeMil$W1$xVenegono$y1$m189 8 *$j71303$B71303$CSeMilBibl$Z2$F75595 $81 961 $aLascito: Longoni don Luigi 996 $6020$a88-85985-11-4$9(OLS)http://semarc/number/99718 996 $6245$aIl Padre Nostro :$bfede e vita fatte preghiera$9(OLS)http://semarc/title/169682 996 $6260$a[Milano] :$bIn Dialogo$9(OLS)http://semarc/publisher/42255